Statistics for Samfunnsfag - Symboler

Click here to take the quiz!

General Stats

  • This quiz has been taken 23 times
  • The average score is 14 of 32

Answer Stats

Answer% Correct
Posten
90%
EU
86%
Røde Kors
86%
FN
76%
Pride
76%
NATO
71%
Familie
67%
Gjenvinning
67%
Fred
62%
Utdanning
62%
Radioaktiv stråling
57%
Statens vegvesen
52%
Demokrati
48%
Stat
48%
Ambulanse
43%
Forsvaret
43%
WHO
43%
Helsevesen
38%
Vitenskap
38%
Industri
33%
Norges våpenskjold
33%
Opphavsrett
33%
Økonomisk vekst
24%
Politiet
24%
Rettferdighet
24%
CE-direktiver (Conformité Européenne)
19%
Monarki
19%
Solidaritet
19%
Ytringsfrihet
19%
Forbruk
14%
Kriminalomsorgen
14%
Republikk
10%

Score Distribution

Percentile by Number Answered

Percent of People with Each Score

Your Score History

You have not taken this quiz